2019 MotoGP Riders - Statistics

General Stats
  • This quiz has been taken 81 times
  • The average score is 19 of 22
Answer Stats
Team Answer Nation % Correct
Monster Energy Yamaha MotoGP 12 Maverick Viñales Spain
99%
Repsol Honda Team 93 Marc Márquez Spain
97%
Monster Energy Yamaha MotoGP 46 Valentino Rossi Italy
97%
Team Suzuki Ecstar 42 Álex Rins Spain
96%
Alma Pramac Racing 43 Jack Miller Australia
96%
Petronas Yamaha SRT 21 Franco Morbidelli Italy
95%
Repsol Honda Team 99 Jorge Lorenzo Spain
95%
Mission Winnow Ducati Team 9 Danilo Petrucci Italy
93%
Petronas Yamaha SRT 20 Fabio Quartararo France
93%
Mission Winnow Ducati Team 04 Andrea Dovizioso Italy
92%
Aprilia Racing Team Gresini 41 Aleix Espargaró Spain
91%
Alma Pramac Racing 63 Francesco Bagnaia Italy
91%
Red Bull KTM Factory Racing 5 Johann Zarco France
91%
Red Bull KTM Factory Racing 44 Pol Espargaró Spain
91%
Team Suzuki Ecstar 36 Joan Mir Spain
88%
LCR Honda 30 Takaaki Nakagami Japan
88%
Red Bull KTM Tech 3 88 Miguel Oliveira Portugal
80%
Aprilia Racing Team Gresini 29 Andrea Iannone Italy
79%
LCR Honda 35 Cal Crutchlow United Kingdom
79%
Reale Avintia Racing 17 Karel Abraham Czech Republic
67%
Reale Avintia Racing 55 Esteve "Tito" Rabat Spain
60%
Red Bull KTM Tech 3 55 Hafizh Syahrin Malaysia
57%
No matching quizzes found
Score Distribution
Percent of People with Each Score
Percentile by Number Answered
Your Score History
You have not taken this quiz